00354nam a2200121Ia 4500008004100000041000800041082001200049100003900061245003900100260005600139300003100195440000600226240624s9999 xx 000 0 und d aeng a332 CFP aRNIS COLLEGE OF FINANCIAL PLANNING aINTRODUCTION TO FINANCIAL PLANNING c2010aNew DelhibRNIS College of Financial Planning avii, : 256 : p. : cm. ; 27 v3